Personnages célèbres - Série 41 - Statistiques

Statistiques générales
  • Ce quiz a été pris 187 fois
  • Le résultat moyen est 8 sur 15
Statistiques - réponses
Par images Réponse % Correct
Louane
88%
Valérie Lemercier
79%
Jennifer Lopez
73%
Gilles Lellouche
65%
Eva Longoria
64%
Vincent Lindon
64%
Amanda Lear
63%
Michel Leeb
58%
Roland Magdane
51%
Benoit Magimel
38%
Jean Pierre Léaud
37%
Tommy Lee Jones
36%
Virginie Ledoyen
36%
Michel Lonsdale
23%
Max Linder
5%
Aucun quiz correspondant
Distribution des résultats
% des personnes avec chaque résultat
Percentile par nombre de réponses
Votre historique - résultats
Vous n’avez pas pris ce quiz